000 00628nam a2200205Ia 4500
005 20230519154444.0
008 210716s2009 xx 000 0 und d
020 _a9788131724453
040 _cAIMIT LIBRARY
041 _aeng
082 _a005.133 HANJ
100 _aHanly, Jeri R.
_9108967
245 _aProblem solving and program design in c /
_cBy Jeri R. Hanly ;Elliot B. Koffman.
250 _a5th ed.
260 _aNew Delhi :
_bPearson Education ,
_c2009.
300 _axviii,920p. ;
_bPB
_c24 cm
650 _aC Programming
_9108968
700 _aKoffman, Elliot B.
_9109829
942 _2ddc
_cBK
_e5th
_k005.133 HANJ
999 _c189736
_d189736